000 00590cam a22002291 4500
001 sa 68002303
003 DLC
005 20260227112441.0
008 800726s1966 ii 000 1 guj
010 _asa 68002303
035 _a(OCoLC)28431095
040 _aDLC
_cNN
_dDLC
050 0 0 _aPK1859.M45
_bA8
100 1 _aMehta, Rasik.
245 1 0 _aAnārakalī.
_cRasika Mehatā.
250 _aPrathamāvr̥tti.
260 _aSūrata,
_bSāhitya Saṅgama
_c[1966]
300 _a2 v.
_c19 cm.
546 _aIn Gujarati.
500 _aA novel.
600 0 0 _aAnārkalī,
_d-1599
_vFiction.
999 _c78604
_d78604